Biblioteka Instytutu Północnego w Olsztynie

Widok standardowy Widok MARC

Pozycja Geographic Name

Liczba rekordów, w których użyto hasła: 1

001 - Numer kontrolny

  • control field: 40965

003 - Identyfikator numeru kontrolnego

  • control field: NUKAT

005 - Data i czas ostatniej modyfikacji

  • control field: 20260430102951.0

008 - Dane kontrolne kodowane (40 znaków)

  • fixed length control field: 180618n||azznnbabn |a ana |

010 ## - Numer kontrolny Biblioteki Kongresu

  • numer kontrolny LC: p 2018171828

035 ## - Numer systemowy

  • numer systemowy: a37882156

035 ## - Numer systemowy

  • numer systemowy: (PL)a0000003788215

040 ## - Instytucja sporządzająca rekord

  • inst. przygot. dane do rek. khw: WA N
  • język haseł przedmiotowych/tezaurus: DBN
  • inst. wprow. rek. khw: WA N

043 ## - Kod obszaru geograficznego

  • ISO code: DE
  • ISO code: PL

045 2# - Okres czasu dla hasła

  • okr. czasu od 9999 pne do n.e.: d1939
  • okr. czasu od 9999 pne do n.e.: d1944

151 ## - Hasło - nazwa geograficzna

  • nazwa geograficzna: Dystrykt lubelski (1939-1944)

368 ## - Other Attributes

  • Juris type: Dystrykty

368 ## - Other Attributes

  • Juris type: Jednostki administracyjne dawne

451 ## - Trop zob. - nazwa geograficzna

  • nazwa geograficzna: Distrikt Lublin

551 ## - Trop zob. też - nazwa geograficzna

  • podpole kontrolne: g
  • nazwa geograficzna: Generalne Gubernatorstwo (1939-1945)

551 ## - Trop zob. też - nazwa geograficzna

  • podpole kontrolne: h
  • nazwa geograficzna: Gmina Pawłów (1870-1954)

551 ## - Trop zob. też - nazwa geograficzna

  • podpole kontrolne: h
  • nazwa geograficzna: Powiat bialski (1939-1944)

551 ## - Trop zob. też - nazwa geograficzna

  • podpole kontrolne: h
  • nazwa geograficzna: Powiat biłgorajski (1939-1944)

551 ## - Trop zob. też - nazwa geograficzna

  • podpole kontrolne: h
  • nazwa geograficzna: Powiat krasnostawski (1939-1944)

551 ## - Trop zob. też - nazwa geograficzna

  • podpole kontrolne: h
  • nazwa geograficzna: Powiat puławski (1939-1944)

551 ## - Trop zob. też - nazwa geograficzna

  • podpole kontrolne: h
  • nazwa geograficzna: Powiat radzyński (1939-1944)

670 ## - Źródło informacji

  • źródło informacji: Wikipedia
Biblioteka Instytutu Północnego, ul. Partyzantów 87, 10-402 Olsztyn, email: biblioteka(at)ip.olsztyn.pl